000 00538nam a2200193Ia 4500
008 120918t2006 xxu||||| |||| 00| 0 eng d
041 _aeng
080 _a8-31 (
_bng)
100 _aMarshall,Catherine
245 _aක්‍රිස්ටි 1
246 _aKristi 1
260 _aWijesuriya
_aMulleriyawa
_c2006
300 _b419p, 21 cm
500 _aSinhalese Translation of C.Marshall's of Christy
700 _aSuduwelikanda,Ganga Niroshini
_etr.
942 _cBK
999 _c41490
_d41490
003 LK-CoDNM
040 _aLK-CoDNM
_dLK-CoDNM
_eLK-CoDNM